LEADER 01036nam--2200361---450- 001 990001309510203316 005 20031219084456.0 035 $a000130951 035 $aUSA01000130951 035 $a(ALEPH)000130951USA01 035 $a000130951 100 $a20031219d1983----km-y0itay0103----ba 101 0 $aita 102 $aIT 105 $a||||||||001yy 200 1 $aInfluenze e concordanze ficiniane nell'Hypnerotomachia Poliphili$fOlimpia Pelosi 210 $aSalerno$cPalladio$d1983 215 $a19 p.$d21 cm. 225 2 $aQuaderni 410 0$12001$aQuaderni 454 1$12001 461 1$1001-------$12001 676 $a854.5 700 1$aPELOSI,$bOlimpia$0553468 801 0$aIT$bsalbc$gISBD 912 $a990001309510203316 951 $aIV Misc.69/30$b20715 L.M.$cIV Misc. 959 $aBK 969 $aUMA 979 $aSIAV3$b10$c20031219$lUSA01$h0844 979 $aPATRY$b90$c20040406$lUSA01$h1733 996 $aInfluenze e concordanze ficiniane nell'Hypnerotomachia Poliphili$9929020 997 $aUNISA LEADER 02855nam 22006734a 450 001 9910449718703321 005 20210427003547.0 010 $a0-8147-4324-2 010 $a0-8147-4380-3 010 $a1-4294-1424-3 035 $a(CKB)1000000000245281 035 $a(EBL)865578 035 $a(OCoLC)779828132 035 $a(SSID)ssj0000141126 035 $a(PQKBManifestationID)11911808 035 $a(PQKBTitleCode)TC0000141126 035 $a(PQKBWorkID)10056044 035 $a(PQKB)10981468 035 $a(MiAaPQ)EBC865578 035 $a(OCoLC)76834557 035 $a(MdBmJHUP)muse10717 035 $a(Au-PeEL)EBL865578 035 $a(CaPaEBR)ebr10137182 035 $a(EXLCZ)991000000000245281 100 $a20040831d2005 uy 0 101 0 $aeng 135 $aur|n|---||||| 181 $ctxt 182 $cc 183 $acr 200 10$aDownsizing prisons$b[electronic resource] $ehow to reduce crime and end mass incarceration /$fMichael Jacobson 210 $aNew York and London $cNew York University Press$dc2005 215 $a1 online resource (304 p.) 300 $aDescription based upon print version of record. 311 $a0-8147-4291-2 311 $a0-8147-4274-2 320 $aIncludes bibliographical references and index. 327 $aIntroduction : bloated prisons -- Mass incarceration -- Unintended consequences -- A new reality for prison systems -- Why prison growth does not reduce crime -- Why parole and probation policies need to change -- Success stories -- Downsizing prisons. 330 $aOver two million people are incarcerated in America's prisons and jails, eight times as many since 1975. Mandatory minimum sentencing, parole agencies intent on sending people back to prison, three-strike laws, for-profit prisons, and other changes in the legal system have contributed to this spectacular rise of the general prison population. After overseeing the largest city jail system in the country, Michael Jacobson knows first-hand the inner workings of the corrections system. In Downsizing Prisons , he convincingly argues that mass incarceration will not, as many have claimed, reduce cri 606 $aPrisons$zUnited States 606 $aProbation$zUnited States 606 $aParole$zUnited States 606 $aAlternatives to imprisonment$zUnited States 606 $aCriminals$xRehabilitation$zUnited States 608 $aElectronic books. 615 0$aPrisons 615 0$aProbation 615 0$aParole 615 0$aAlternatives to imprisonment 615 0$aCriminals$xRehabilitation 676 $a364.6/0973 700 $aJacobson$b Michael$f1953-$01039789 801 0$bMiAaPQ 801 1$bMiAaPQ 801 2$bMiAaPQ 906 $aBOOK 912 $a9910449718703321 996 $aDownsizing prisons$92462187 997 $aUNINA